000 00681nam a2200241 i 4500
001 C2-0116996
003 PPAK
005 20180727110222.0
008 970724s1994 enk |||| ||||| | eng d
020 _a1855383519
040 _aPPAK
_beng
_cPPAK
_erda
082 0 4 _a158.1
_223
090 0 0 _a158.1
_bHOL
_dG
100 1 _aHolden, Robert,
_eauthor
245 1 0 _aLiving wonderfully :
_ba joyful guide to conscious-creative living.
264 1 _aLondon :
_bThorsons ,
_c1994
300 _ax, 182 pages ;
_c20 cm
336 _2rdacontent
_atext
337 _2rdamedia
_aunmediated
338 _2rdacarrier
_avolume
650 1 0 _aSuccess - Psychological aspects
942 _ddc
_cB
999 _c31079
_d31079